| 000 | 00492nam a2200169 4500 | ||
|---|---|---|---|
| 003 | SEACOMMC | ||
| 005 | 20250506154912.0 | ||
| 008 | 250320b |||||||| |||| 00| 0 eng d | ||
| 020 |
_a 978-81-828-1161-4 _cRs.200.00 |
||
| 040 | _aSEACOMMC | ||
| 082 |
_a658.4038 _bL 183 |
||
| 100 | _a Laha, Jasobanta | ||
| 245 | 1 |
_aManagerial Computing / _cJasobanta Laha [and] Manoranjan Dash |
|
| 260 |
_a New Delhi _b Vrinda Publications _c 2009 |
||
| 650 | _aManagement include Comp-Sc | ||
| 942 | _cBOOK | ||
| 999 |
_c1136 _d1136 |
||